Creeping death - all lyrics - Statistics

General Stats
  • This quiz has been taken 27 times
  • The average score is 153 of 228
Answer Stats
Answer % Correct
I
95%
death
91%
the
91%
born
86%
creep
86%
in
86%
creeping
82%
i'm
82%
I'm
82%
to
82%
first
77%
kill
77%
of
77%
one
77%
pharaoh
77%
serve
77%
be
73%
done
73%
go
73%
it
73%
land
73%
let
73%
my
73%
so
73%
son
73%
written
73%
by
68%
die
68%
every
68%
across
64%
chosen
64%
fear
64%
fire
64%
Hebrews
64%
here
64%
killing
64%
live
64%
Slaves
64%
word
64%
firstborn
59%
hand
59%
heed
59%
his
59%
now
59%
sent
59%
and
55%
blood
55%
hundred
55%
man
55%
people
55%
strong
55%
years
55%
deliverer
50%
down
50%
Goshen
50%
Nile
50%
red
50%
unknown
50%
will
50%
with
50%
bush
45%
must
45%
running
45%
darkness
41%
day
41%
four
41%
something
41%
wait
41%
faith
36%
hail
36%
long
36%
midnight
36%
plague
36%
rule
36%
thee
36%
three
36%
destroyer
32%
air
27%
final
23%
soon
23%
deadly
18%
mass
18%
shall
18%
there
18%
door
14%
lambs
14%
painted
14%
pass
14%
floor
9%
steps
9%
No matching quizzes found
Score Distribution
Percent of People with Each Score
Percentile by Number Answered
Your Score History
You have not taken this quiz